<?xml version="1.0" encoding="UTF-8"?>
<record
    xmlns:xsi="http://www.w3.org/2001/XMLSchema-instance"
    xsi:schemaLocation="http://www.loc.gov/MARC21/slim http://www.loc.gov/standards/marcxml/schema/MARC21slim.xsd"
    xmlns="http://www.loc.gov/MARC21/slim">

  <leader>00325nam a2200133Ia 4500</leader>
  <controlfield tag="008">191201s2011    xx            000 0 und d</controlfield>
  <datafield tag="082" ind1=" " ind2=" ">
    <subfield code="a">658.007</subfield>
    <subfield code="b">CHR</subfield>
  </datafield>
  <datafield tag="100" ind1=" " ind2=" ">
    <subfield code="a">CHAWLA,Deepak</subfield>
  </datafield>
  <datafield tag="245" ind1=" " ind2="0">
    <subfield code="a">Research Methodology</subfield>
  </datafield>
  <datafield tag="260" ind1=" " ind2=" ">
    <subfield code="a">N. delhi</subfield>
    <subfield code="b">Vikas Publication House</subfield>
    <subfield code="c">2011</subfield>
  </datafield>
  <datafield tag="300" ind1=" " ind2=" ">
    <subfield code="a">670</subfield>
  </datafield>
  <datafield tag="650" ind1=" " ind2=" ">
    <subfield code="a">MBA</subfield>
  </datafield>
  <datafield tag="942" ind1=" " ind2=" ">
    <subfield code="2">ddc</subfield>
    <subfield code="c">BK</subfield>
    <subfield code="0">8</subfield>
  </datafield>
  <datafield tag="999" ind1=" " ind2=" ">
    <subfield code="c">5482</subfield>
    <subfield code="d">5482</subfield>
  </datafield>
  <datafield tag="952" ind1=" " ind2=" ">
    <subfield code="0">0</subfield>
    <subfield code="1">0</subfield>
    <subfield code="2">ddc</subfield>
    <subfield code="4">0</subfield>
    <subfield code="7">0</subfield>
    <subfield code="8">MBA</subfield>
    <subfield code="a">PIET</subfield>
    <subfield code="b">PIET</subfield>
    <subfield code="d">2012-08-25</subfield>
    <subfield code="e">IBH, New Delhi</subfield>
    <subfield code="g">425.00</subfield>
    <subfield code="k">9099</subfield>
    <subfield code="l">2</subfield>
    <subfield code="o">658.007 CHR</subfield>
    <subfield code="p">20834</subfield>
    <subfield code="r">2025-04-09 00:00:00</subfield>
    <subfield code="s">2025-03-18</subfield>
    <subfield code="w">2012-08-24</subfield>
    <subfield code="y">BK</subfield>
  </datafield>
  <datafield tag="952" ind1=" " ind2=" ">
    <subfield code="0">0</subfield>
    <subfield code="1">0</subfield>
    <subfield code="2">ddc</subfield>
    <subfield code="4">0</subfield>
    <subfield code="7">0</subfield>
    <subfield code="8">MBA</subfield>
    <subfield code="a">PIET</subfield>
    <subfield code="b">PIET</subfield>
    <subfield code="d">2012-08-25</subfield>
    <subfield code="e">IBH, New Delhi</subfield>
    <subfield code="g">425.00</subfield>
    <subfield code="k">9099</subfield>
    <subfield code="l">4</subfield>
    <subfield code="o">658.007 CHR</subfield>
    <subfield code="p">20835</subfield>
    <subfield code="r">2025-05-23 00:00:00</subfield>
    <subfield code="s">2025-05-09</subfield>
    <subfield code="w">2012-08-24</subfield>
    <subfield code="y">BK</subfield>
  </datafield>
  <datafield tag="952" ind1=" " ind2=" ">
    <subfield code="0">0</subfield>
    <subfield code="1">0</subfield>
    <subfield code="2">ddc</subfield>
    <subfield code="4">0</subfield>
    <subfield code="7">0</subfield>
    <subfield code="8">MBA</subfield>
    <subfield code="a">PIET</subfield>
    <subfield code="b">PIET</subfield>
    <subfield code="d">2012-08-25</subfield>
    <subfield code="e">IBH, New Delhi</subfield>
    <subfield code="g">425.00</subfield>
    <subfield code="k">9099</subfield>
    <subfield code="l">3</subfield>
    <subfield code="o">658.007 CHR</subfield>
    <subfield code="p">20836</subfield>
    <subfield code="r">2025-06-02 00:00:00</subfield>
    <subfield code="s">2025-05-23</subfield>
    <subfield code="w">2012-08-24</subfield>
    <subfield code="y">BK</subfield>
  </datafield>
  <datafield tag="952" ind1=" " ind2=" ">
    <subfield code="0">0</subfield>
    <subfield code="1">0</subfield>
    <subfield code="2">ddc</subfield>
    <subfield code="4">0</subfield>
    <subfield code="7">0</subfield>
    <subfield code="8">MBA</subfield>
    <subfield code="a">PIET</subfield>
    <subfield code="b">PIET</subfield>
    <subfield code="d">2012-08-25</subfield>
    <subfield code="e">IBH, New Delhi</subfield>
    <subfield code="g">425.00</subfield>
    <subfield code="k">9099</subfield>
    <subfield code="l">4</subfield>
    <subfield code="o">658.007 CHR</subfield>
    <subfield code="p">20837</subfield>
    <subfield code="r">2025-04-03 00:00:00</subfield>
    <subfield code="s">2025-03-18</subfield>
    <subfield code="w">2012-08-24</subfield>
    <subfield code="y">BK</subfield>
  </datafield>
  <datafield tag="952" ind1=" " ind2=" ">
    <subfield code="0">0</subfield>
    <subfield code="1">0</subfield>
    <subfield code="2">ddc</subfield>
    <subfield code="4">0</subfield>
    <subfield code="7">0</subfield>
    <subfield code="8">MBA</subfield>
    <subfield code="a">PIET</subfield>
    <subfield code="b">PIET</subfield>
    <subfield code="d">2012-08-25</subfield>
    <subfield code="e">IBH, New Delhi</subfield>
    <subfield code="g">425.00</subfield>
    <subfield code="k">9099</subfield>
    <subfield code="l">1</subfield>
    <subfield code="o">658.007 CHR</subfield>
    <subfield code="p">20838</subfield>
    <subfield code="r">2026-05-29 14:36:19</subfield>
    <subfield code="s">2026-01-30</subfield>
    <subfield code="w">2012-08-24</subfield>
    <subfield code="y">BK</subfield>
  </datafield>
  <datafield tag="952" ind1=" " ind2=" ">
    <subfield code="0">0</subfield>
    <subfield code="1">0</subfield>
    <subfield code="2">ddc</subfield>
    <subfield code="4">0</subfield>
    <subfield code="7">0</subfield>
    <subfield code="8">MBA</subfield>
    <subfield code="a">PIET</subfield>
    <subfield code="b">PIET</subfield>
    <subfield code="d">2012-08-25</subfield>
    <subfield code="e">IBH, New Delhi</subfield>
    <subfield code="g">425.00</subfield>
    <subfield code="k">9099</subfield>
    <subfield code="l">0</subfield>
    <subfield code="o">658.007 CHR</subfield>
    <subfield code="p">20839</subfield>
    <subfield code="r">2019-12-04 00:00:00</subfield>
    <subfield code="w">2012-08-24</subfield>
    <subfield code="y">BK</subfield>
  </datafield>
  <datafield tag="952" ind1=" " ind2=" ">
    <subfield code="0">0</subfield>
    <subfield code="1">0</subfield>
    <subfield code="2">ddc</subfield>
    <subfield code="4">0</subfield>
    <subfield code="7">0</subfield>
    <subfield code="8">MBA</subfield>
    <subfield code="a">PIET</subfield>
    <subfield code="b">PIET</subfield>
    <subfield code="d">2012-08-25</subfield>
    <subfield code="e">IBH, New Delhi</subfield>
    <subfield code="g">425.00</subfield>
    <subfield code="k">9099</subfield>
    <subfield code="l">2</subfield>
    <subfield code="o">658.007 CHR</subfield>
    <subfield code="p">20840</subfield>
    <subfield code="q">2021-09-27</subfield>
    <subfield code="r">2021-03-31 00:00:00</subfield>
    <subfield code="s">2021-03-31</subfield>
    <subfield code="w">2012-08-24</subfield>
    <subfield code="y">BK</subfield>
  </datafield>
</record>
